Alemania en la encrucijada

সংরক্ষণ করুন:
গ্রন্থ-পঞ্জীর বিবরন
প্রধান লেখক: Boér, Nicolás
বিন্যাস: গ্রন্থ
ভাষা:স্প্যানিশ
প্রকাশিত: Barcelona, España Herder 1964
বিষয়গুলি:
ট্যাগগুলো: ট্যাগ যুক্ত করুন
কোনো ট্যাগ নেই, প্রথমজন হিসাবে ট্যাগ করুন!

MARC

LEADER 00000nam a2200000 a 4500
001 UCP6953
003 CL-VaPUC
005 20211117074526.0
008 991126e19640000SP |||||||||||||||||spa|d
999 |c 284327  |d 284325 
040 |c Pontificia Universidad Católica de Valparaíso 
082 0 4 |a 327.43 BOE 1964  |2 21 
100 0 |a Boér, Nicolás  |9 436287 
245 1 0 |a Alemania en la encrucijada 
260 0 3 |a Barcelona, España  |b Herder  |c 1964 
300 |a 344 páginas 
583 |a last modification  |c 19991126 00:00:00  |k Rodrigo Vera 
650 0 |a Relaciones Internacionales  |9 255740 
650 0 |a Política exterior   |9 316628 
651 0 |a Alemania  |9 255688 
942 |c BK  |2 ddc 
945 |d 19991126 00:00:00  |a crobeson 
952 |0 0  |1 0  |2 ddc  |4 0  |6 327_430000000000000_BOE_1964  |7 0  |8 A  |9 328212  |a BIBHIS  |b BIBHIS  |d 2019-11-20  |i 1371770  |o 327.43 BOE 1964  |p 1371770  |r 2025-01-20  |t 1  |w 2019-11-20  |y BK  |k HIS